Normal view
MARC view
Entry Nome pessoal
001 - NÚMERO DE CONTROLE
- campo de controle: 1019
003 - IDENTIFICADOR DO NÚMERO DE CONTROLE
- campo de controle: Br
005 - DATA E HORÁRIO DA ÚLTIMA TRANSAÇÃO
- campo de controle: 20250902130355.0
008 - CAMPO DE DADOS FIXOS
- campo de controle de tamanho fixo: 970822n| acnnnaa n a aaa d
035 ## - NÚMERO DE CONTROLE DO SISTEMA
- Número de Controle do Sistema: 97082212125455003
040 ## - FONTE DA CATALOGAÇÃO
- Instituição da catalogação original: Br
- Instituição que transcreveu o registro: Br
- Idioma da catalogação: por
100 1# - CABEÇALHO--NOME PESSOAL
- Nome pessoal: Abramovich, Fanny,
- Datas associadas ao nome: 1940-2017
670 ## - FONTE POSITIVA DOS DADOS
- Citação da fonte positiva dos dados: Sec. de: O sadismo de nossa infância... 1981
670 ## - FONTE POSITIVA DOS DADOS
- Citação da fonte positiva dos dados: Em: Dans Kinderbuch in Brasilien... 1994
- Dados encontrados na fonte localizada no subcampo: (p. 115: d.n.)
670 ## - FONTE POSITIVA DOS DADOS
- Citação da fonte positiva dos dados: http://authorities.loc.gov 12/8/10
670 ## - FONTE POSITIVA DOS DADOS
- Citação da fonte positiva dos dados: http://www.vidaslusofonas.pt/fanny_abramovitch.htm
670 ## - FONTE POSITIVA DOS DADOS
- Citação da fonte positiva dos dados: http://www.itaucultural.org.br/aplicexternas/enciclopedia_lit/index.cfm?fuseaction=biografias_texto&cd_verbete=5743&cd_item=35
- Dados encontrados na fonte localizada no subcampo: (Fanny Abramovich nasceu em São Paulo, SP, em 1940. Escritora de literatura infantil e juvenil, pedagoga e atriz)
670 ## - FONTE POSITIVA DOS DADOS
- Citação da fonte positiva dos dados: http://www1.folha.uol.com.br/cotidiano/2017/12/1940608-mortes-pioneira-na-arte-educacao-e-escritora-infanto-juvenil.shtml 12/12/2017
- Dados encontrados na fonte localizada no subcampo: (faleceu no dia 27/12/2017 ; educadora, pedagoga e escritora infanto-juvenil)